| 000 | 00632nam a22001457a 4500 | ||
|---|---|---|---|
| 999 |
_c121243 _d121243 |
||
| 001 | K121243 | ||
| 008 | 190716b2020 ||||| |||| 00| 0 eng d | ||
| 110 |
_91549 _aProperty Week |
||
| 245 |
_aProperty Week: _bCovid-19 Support Hub |
||
| 520 | _aCovid-19 support hub is a free resource from Property Week includes articles and support about the Coronavirus epidemic. With insight and comment, legal and professional advice and analysis. | ||
| 650 | _acovid 19 | ||
| 650 | _acoronavirus | ||
| 690 |
_96244 _aHealth and safety |
||
| 856 |
_uhttps://www.propertyweek.com/news/covid-19 _zView the website www.propertyweek.com/news/covid-19 |
||